000 00271nam a2200097Ia 4500
082 _a305.3101576 SYKE
245 0 _aAdam's curse : a future without men
100 _a SYKES, Bryan New York, 2003
_975561
942 _cBK
008 210817s9999 xx 000 0 und d
999 _c250105
_d250104